000 00437nam a22001697a 4500
003 OSt
008 241022b |||||||| |||| 00| 0 eng d
020 _a9788415967064
082 _a743 BAF
100 _aBAEZA, Juan
245 _aFashion Drawing Course: From Human Figure to Fashion Illustration
250 _a1st. ed.
260 _aUnited Kingdom,
_bPromopress,
_c2014,
300 _a208 p.
650 _aB.FAD.
942 _2ddc
_cREF
999 _c12937
_d12937